000
00338nam a2200145Ia 4500
100
_a
AICTE
942
_c
BK
654
_a
computer
245
_a
Creating HTML Document C-NO : 650
260
_b
Continuing Education Programmer AICTE
_a
Bangalore
_c
1997
082
_a
4.65
_b
AICTE
300
_a
52
546
_a
ENGLISH
999
_c
30316
_d
30316